| 000 | 01018nam a2200325 a 4500 | ||
|---|---|---|---|
| 005 | 20260322212019.0 | ||
| 008 | data | ||
| 010 | _a 85018640 | ||
| 020 | _a0871892472 | ||
| 020 | _a9780871892478 | ||
| 040 |
_aDNLM/DLC _cDLC _dCStRLIN |
||
| 050 | 1 |
_aRT86.5 _b.C65 1986 |
|
| 060 | _aWX 162.5 C697 | ||
| 245 | 0 | 0 |
_aCollaboration in nursing / _cedited by Doris Asselmeier England & Joyce Patricia Brockhaus. |
| 260 | 0 |
_aRockville, Md. : _bAspen Systems Corp., _c1986. |
|
| 300 |
_axiv, 233 p. : _bill. ; _c24 cm. |
||
| 500 | _a"An Aspen publication." | ||
| 504 | _aIncludes bibliographical references and index. | ||
| 590 | _a"An Aspen publication." | ||
| 590 | _aIncludes bibliographies and index. | ||
| 650 | 0 |
_aNursing _xSocial aspects. |
|
| 650 | 0 | _aMedical cooperation. | |
| 650 | 0 | _aTeam nursing. | |
| 650 | 2 | _aInterprofessional Relations. | |
| 650 | 2 |
_aNursing _xtrends. |
|
| 650 | 2 | _aPatient Care Team. | |
| 700 | 1 | _aEngland, Doris Asselmeier. | |
| 700 | 1 | _aBrockhaus, Joyce Patricia. | |
| 001 | data | ||
| 999 |
_c433 _d433 |
||